| 000 | 00543nam a22001817a 4500 | ||
|---|---|---|---|
| 008 | 160604s2000 xxu||||| |||| 00| 0 eng d | ||
| 082 |
_a708 _bG981jo |
||
| 100 | 1 |
_aTorres, Cecilia de. _95161 |
|
| 245 | 1 | 0 |
_aJosé Gurvich : _bpaintings and drawings / _cCecilia de Torres. |
| 250 | _a1a ed. | ||
| 260 |
_aNueva York, Estados Unidos : _bCecilia de Torres Ltd, _c2000. |
||
| 300 |
_a50 p. _bil. col. |
||
| 600 |
_aGurvich, José _y1927- 1974 _95162 |
||
| 653 | 1 | 0 | _aExhibiciones |
| 653 | 1 | 0 | _aArte - Uruguay |
| 653 | 1 | 0 | _aPintura |
| 653 | 1 | 0 | _aDibujo |
| 999 |
_c945 _d945 |
||